| 000 -CABECERA |
| Longitud fija campo de control |
00636nam a2200169 a 4500 |
| 001 - NÚMERO DE CONTROL |
| Número de control |
4945 |
| 003 - IDENTIFICADOR DEL NÚMERO DE CONTROL |
| Identificador del número de control |
CDMR |
| 005 - FECHA Y HORA DE LA ÚLTIMA TRANSACCIÓN |
| Fecha y hora de la última transacción |
20131022135712.0 |
| 008 - CÓDIGOS DE INFORMACIÓN DE LONGITUD FIJA |
| Códigos de información de longitud fija |
130130s1991||||||||||||||||||||||||||||d |
| 020 ## - NÚMERO INTERNACIONAL NORMALIZADO PARA LIBROS |
| Número Internacional Normalizado para Libros (ISBN) |
8478906258 |
| 040 ## - FUENTE DE LA CATALOGACIÓN |
| Centro catalogador de origen |
CDMR |
| Lengua de catalogación |
cat |
| Centro transcriptor |
CDMR |
| 245 00 - MENCIÓN DE TÍTULO |
| Título |
Jornadas sobre el papel de la T.V. estatal en las Comunidades Autónomas |
| Resto del título |
: Valencia, 14/15 nov. 1990 |
| Mención de responsabilidad, etc. |
Consell Assessor de RTVE Comunitat Valenciana ; edición a cargo de: José Reig Cruañes |
| 260 ## - PUBLICACIÓN, DISTRIBUCIÓN, ETC. (PIE DE IMPRENTA) |
| Lugar de publicación, distribución, etc. |
Valencia |
| Fecha de publicación, distribución, etc. |
1991 |
| Nombre del editor, distribuidor, etc. |
Consell Assessor de RTVE de la Comunitat Valenciana |
| 650 04 - PUNTO DE ACCESO ADICIONAL DE MATERIA - TÉRMINO DE MATERIA |
| 9 (RLIN) |
1780 |
| Término de materia o nombre geográfico como elemento inicial |
Televisió |
| Subdivisión geográfica |
Espanya |
| 650 04 - PUNTO DE ACCESO ADICIONAL DE MATERIA - TÉRMINO DE MATERIA |
| 9 (RLIN) |
3730 |
| Término de materia o nombre geográfico como elemento inicial |
Política de la televisió |
| 942 ## - ENTRADA DE ELEMENTOS AGREGADOS (KOHA) |
| Koha [por defecto] tipo de item |
Monografies |
| Fuente de clasificaión o esquema |
|